Central Library OPAC University of Rajshahi

জসীম পল্লীমেলা : (Record no. 39611)

MARC details
000 -LEADER
fixed length control field 00836nam a2200229 a 4500
001 - CONTROL NUMBER
control field 39611
003 - CONTROL NUMBER IDENTIFIER
rucl marc code BD-RjUL
005 - DATE AND TIME OF LATEST TRANSACTION
control field 20211209053027.0
008 - FIXED-LENGTH DATA ELEMENTS--GENERAL INFORMATION
fixed length control field 160413b2011 bg a||| |||| 00| 0 ben d
020 ## - INTERNATIONAL STANDARD BOOK NUMBER
International Standard Book Number 9789843337399
Terms of availability : tk. 350.00
035 ## - SYSTEM CONTROL NUMBER
System control number (BD-RjUL)39724
040 ## - CATALOGING SOURCE
Original cataloging agency BD-RjUL
Language of cataloging ben
Transcribing agency BD-RjUL
041 ## - LANGUAGE CODE
Language code of text/sound track or separate title ben
082 ## - DEWEY DECIMAL CLASSIFICATION NUMBER
Edition number 23
Classification number 891.444
Author mark and year REJ 2011
100 ## - MAIN ENTRY--PERSONAL NAME
Personal name রেজা,মাসুদ
9 (RLIN) 122001
245 10 - TITLE STATEMENT
Title জসীম পল্লীমেলা :
Remainder of title স্মারকগ্রন্থ /
Statement of responsibility, etc. মাসুদ রেজা
260 ## - PUBLICATION, DISTRIBUTION, ETC. (IMPRINT)
Place of publication, distribution, etc. ঢাকা :
Name of publisher, distributor, etc. চর্যাপদ,
Date of publication, distribution, etc. ২০১১.
300 ## - PHYSICAL DESCRIPTION
Pagination ৩৩৬ পৃ. :
Illustrations চিত্র. ;
Size ২১ সেমি.
650 ## - SUBJECT ADDED ENTRY--TOPICAL TERM
Topical term or geographic name as entry element বাংলা সাহিত্য
Form subdivision প্রবন্ধ
9 (RLIN) 120164
Topical term or geographic name as entry element Bengali Literature
Form subdivision Eassys
9 (RLIN) 122002
942 ## - ADDED ENTRY ELEMENTS (KOHA)
Source of classification or shelving scheme Dewey Decimal Classification
Koha item type Books
Holdings
Lost status Source of classification or shelving scheme Damaged status Not for loan Collection code Permanent Location Current Location Shelving location Date acquired Source of acquisition Cost, normal purchase price Total Checkouts Full call number Date last seen Copy number Koha item type Date checked out
  Dewey Decimal Classification   Not For Loan Non-fiction Central Library, University of Rajshahi Central Library, University of Rajshahi Reading Room 06/02/2016 Gazipur,kobir Books 350.00   B 891.444 REJ 2011 13/04/2016 C-1 Books  
  Dewey Decimal Classification     Non-fiction Central Library, University of Rajshahi Central Library, University of Rajshahi   06/02/2016 Gazipur,kobir Books 350.00 2 B 891.444 REJ 2011 13/05/2025 C-2 Books 27/04/2025
  Dewey Decimal Classification     Non-fiction Central Library, University of Rajshahi Central Library, University of Rajshahi   06/02/2016 Gazipur,kobir Books 350.00   B 891.444 REJ 2011 13/04/2016 C-3 Books